[Event "46th Greek Team Championship"]
[Site "chess24.com"]
[Date "2018.07.10"]
[Round "1"]
[White "Rousis, Chrysostomos"]
[Black "Magklaras, Panagiotis"]
[Result "1-0"]
[Board "10"]
[WhiteElo "1483"]
[WhiteCountry "CYP"]
[WhiteFideId "5902860"]
[WhiteEloChange "2"]
[BlackElo "1131"]
[BlackCountry "GRE"]
[BlackFideId "25834789"]
[BlackEloChange "-2"]

1. e4 {[%clk 1:30:57]} c5 {[%clk 1:30:55]} 2. Nf3 {[%clk 1:31:23]} g6 {[%clk
1:31:20]} 3. d4 {[%clk 1:31:48]} cxd4 {[%clk 1:31:46]} 4. Qxd4 {[%clk 1:32:12]}
Nf6 {[%clk 1:32:03]} 5. e5 {[%clk 1:32:30]} Nc6 {[%clk 1:31:53]} 6. Qa4 {[%clk
1:32:53]} Nd5 {[%clk 1:31:32]} 7. Qe4 {[%clk 1:33:07]} Nb6 {[%clk 1:31:04]} 8.
Nc3 {[%clk 1:33:21]} Bg7 {[%clk 1:30:16]} 9. Bf4 {[%clk 1:33:35]} d5 {[%clk
1:22:58]} 10. exd6 {[%clk 1:28:49]} Bf5 {[%clk 1:23:21]} 11. Qe3 {[%clk 1:28:12]}
O-O {[%clk 1:22:29]} 12. O-O-O {[%clk 1:23:34]} exd6 {[%clk 1:21:46]} 13. Rxd6
{[%clk 1:18:31]} Qc8 {[%clk 1:18:25]} 14. Qd2 {[%clk 1:09:20]} Re8 {[%clk
0:53:46]} 15. Bh6 {[%clk 1:03:23]} Rd8 {[%clk 0:31:09]} 16. Bxg7 {[%clk 1:00:31]}
Kxg7 {[%clk 0:31:15]} 17. Nd4 {[%clk 1:00:08]} Rxd6 {[%clk 0:28:16]} 18. Nxf5+
{[%clk 1:00:29]} Qxf5 {[%clk 0:28:40]} 19. Qxd6 {[%clk 1:00:50]} Qxf2 {[%clk
0:28:27]} 20. Qd2 {[%clk 0:57:46]} Qxd2+ {[%clk 0:24:56]} 21. Kxd2 {[%clk
0:58:07]} Rd8+ {[%clk 0:25:24]} 22. Kc1 {[%clk 0:58:06]} Ne5 {[%clk 0:24:58]} 23.
Be2 {[%clk 0:55:29]} Nbc4 {[%clk 0:23:34]} 24. g4 {[%clk 0:36:30]} f6 {[%clk
0:19:21]} 25. Rg1 {[%clk 0:34:57]} a6 {[%clk 0:18:19]} 26. Ne4 {[%clk 0:33:01]}
Ne3 {[%clk 0:16:16]} 27. Rg3 {[%clk 0:31:37]} N3xg4 {[%clk 0:14:38]} 28. Bxg4
{[%clk 0:30:28]} Nxg4 {[%clk 0:14:41]} 29. Rxg4 {[%clk 0:30:54]} f5 {[%clk
0:14:03]} 30. Ng5 {[%clk 0:27:50]} fxg4 {[%clk 0:10:16]} 31. Ne6+ {[%clk
0:28:13]} Kf6 {[%clk 0:10:40]} 32. Nxd8 {[%clk 0:28:37]} h5 {[%clk 0:11:02]} 33.
Kd2 {[%clk 0:28:37]} Ke5 {[%clk 0:08:54]} 34. Ke3 {[%clk 0:28:33]} h4 {[%clk
0:08:13]} 35. Nxb7 {[%clk 0:28:16]} h3 {[%clk 0:07:51]} 36. Kf2 {[%clk 0:26:53]}
Kf4 {[%clk 0:05:03]} 37. Nc5 {[%clk 0:27:03]} g3+ {[%clk 0:03:46]} 38. hxg3+
{[%clk 0:27:26]} Kg4 {[%clk 0:04:11]} 39. Nxa6 {[%clk 0:27:18]} h2 {[%clk
0:04:31]} 40. Kg2 {[%clk 0:57:45]} h1Q+ {[%clk 0:34:50]} 41. Kxh1 {[%clk
0:58:08]} Kxg3 {[%clk 0:35:11]} 42. Kg1 {[%clk 0:58:30]} Kf3 {[%clk 0:35:23]} 43.
b4 {[%clk 0:58:53]} Ke4 {[%clk 0:35:40]} 44. b5 {[%clk 0:58:50]} Kd5 {[%clk
0:35:48]} 45. c4+ {[%clk 0:59:13]} Kd6 {[%clk 0:36:07]} 46. c5+ {[%clk 0:59:34]}
Kd7 {[%clk 0:36:26]} 47. c6+ {[%clk 0:59:51]} Kc8 {[%clk 0:36:42]} 48. b6 {[%clk
1:00:08]} g5 {[%clk 0:36:46]} 49. b7+ {[%clk 1:00:32]} Kd8 {[%clk 0:37:06]} 50.
b8Q+ {[%clk 1:00:53]} Ke7 {[%clk 0:37:29]} 51. c7 {[%clk 1:01:10]} g4 {[%clk
0:37:41]} 52. c8Q {[%clk 1:01:22]} g3 {[%clk 0:37:57]} 53. Qe8+ {[%clk 1:01:47]}
Kf6 {[%clk 0:38:19]} 54. Qf4+ {[%clk 1:02:08]} Kg7 {[%clk 0:38:39]} 55. Qg5+
{[%clk 1:02:31]} Kh7 {[%clk 0:38:59]} 56. Qeh5# {[%clk 1:02:54]} 1-0

[Event "46th Greek Team Championship"]
[Site "chess24.com"]
[Date "2018.07.10"]
[Round "1"]
[White "Pantazopoulos, Stavros"]
[Black "Azis, Azizis Ektoras"]
[Result "1/2-1/2"]
[Board "4"]
[WhiteElo "2153"]
[WhiteCountry "GRE"]
[WhiteFideId "4208501"]
[WhiteEloChange "2"]
[BlackElo "2209"]
[BlackTitle "FM"]
[BlackCountry "GRE"]
[BlackFideId "4207637"]
[BlackEloChange "-2"]

1. d4 {[%clk 1:30:55]} Nf6 {[%clk 1:30:48]} 2. c4 {[%clk 1:31:18]} e6 {[%clk
1:31:06]} 3. Nc3 {[%clk 1:31:42]} Bb4 {[%clk 1:31:30]} 4. e3 {[%clk 1:32:07]} b6
{[%clk 1:31:31]} 5. Ne2 {[%clk 1:32:21]} c5 {[%clk 1:31:09]} 6. a3 {[%clk
1:32:45]} Ba5 {[%clk 1:31:33]} 7. Rb1 {[%clk 1:33:11]} Na6 {[%clk 1:31:21]} 8. g3
{[%clk 1:33:06]} Bb7 {[%clk 1:29:26]} 9. d5 {[%clk 1:33:17]} exd5 {[%clk
1:23:42]} 10. Bg2 {[%clk 1:33:07]} Rb8 {[%clk 1:10:17]} 11. cxd5 {[%clk 1:25:43]}
b5 {[%clk 1:01:15]} 12. O-O {[%clk 1:04:16]} b4 {[%clk 0:59:32]} 13. Nb5 {[%clk
1:02:42]} Qb6 {[%clk 0:54:02]} 14. axb4 {[%clk 0:44:22]} Nxb4 {[%clk 0:45:25]}
15. Nbc3 {[%clk 0:36:55]} O-O {[%clk 0:32:18]} 16. Ra1 {[%clk 0:27:23]} Qd8
{[%clk 0:30:02]} 17. e4 {[%clk 0:20:44]} d6 {[%clk 0:29:03]} 18. Bf4 {[%clk
0:16:02]} Ne8 {[%clk 0:20:32]} 19. Nb5 {[%clk 0:10:06]} Bb6 {[%clk 0:14:12]} 20.
Nxa7 {[%clk 0:08:02]} Bxa7 {[%clk 0:10:48]} 21. Rxa7 {[%clk 0:08:28]} Ba6 {[%clk
0:09:55]} 22. Bd2 {[%clk 0:03:51]} Qb6 {[%clk 0:07:25]} 23. Re7 {[%clk 0:04:05]}
Nd3 {[%clk 0:06:50]} 24. Bc3 {[%clk 0:03:59]} Nxb2 {[%clk 0:06:08]} 25. Qd2
{[%clk 0:03:59]} Nc4 {[%clk 0:03:47]} 26. Qa2 {[%clk 0:01:57]} Ne5 {[%clk
0:01:49]} 27. Ra1 {[%clk 0:02:02]} Bc4 {[%clk 0:01:12]} 28. Qd2 {[%clk 0:01:56]}
Nc7 {[%clk 0:01:02]} 29. Bxe5 {[%clk 0:00:45]} dxe5 {[%clk 0:01:11]} 30. Rxe5
{[%clk 0:00:52]} Qf6 {[%clk 0:00:37]} 31. f4 {[%clk 0:00:59]} Rbe8 {[%clk
0:00:40]} 32. Rc1 {[%clk 0:00:55]} Bxe2 {[%clk 0:00:40]} 33. Qxe2 {[%clk
0:00:38]} Rxe5 {[%clk 0:01:03]} 34. fxe5 {[%clk 0:01:04]} Qxe5 {[%clk 0:01:25]}
35. Rxc5 {[%clk 0:00:44]} Ne8 {[%clk 0:00:54]} 36. Qd2 {[%clk 0:00:34]} Nd6
{[%clk 0:00:45]} 37. Qc3 {[%clk 0:00:47]} f6 {[%clk 0:00:37]} 38. Qxe5 {[%clk
0:00:49]} fxe5 {[%clk 0:01:05]} 39. Rc6 {[%clk 0:00:56]} Rf6 {[%clk 0:00:43]} 40.
Rc7 {[%clk 0:30:45]} Kf8 {[%clk 0:30:42]} 41. Rc6 {[%clk 0:16:24]} h6 {[%clk
0:30:05]} 42. Ra6 {[%clk 0:12:32]} Ke7 {[%clk 0:26:47]} 43. Ra7+ {[%clk 0:12:51]}
Kf8 {[%clk 0:27:10]} 44. Ra6 {[%clk 0:13:13]} 1/2-1/2

[Event "46th Greek Team Championship"]
[Site "chess24.com"]
[Date "2018.07.10"]
[Round "1"]
[White "Kafetzi, Angeliki"]
[Black "Grafakou, Sotiria-Aphrodite"]
[Result "1/2-1/2"]
[Board "6"]
[WhiteElo "1815"]
[WhiteCountry "GRE"]
[WhiteFideId "4238419"]
[WhiteEloChange "-5"]
[BlackElo "1617"]
[BlackCountry "GRE"]
[BlackFideId "4249879"]
[BlackEloChange "5"]

1. d4 {[%clk 1:30:56]} Nf6 {[%clk 1:30:50]} 2. Nf3 {[%clk 1:31:22]} e6 {[%clk
1:31:10]} 3. Bg5 {[%clk 1:31:34]} Be7 {[%clk 1:30:06]} 4. Nbd2 {[%clk 1:30:59]}
d5 {[%clk 1:29:52]} 5. e3 {[%clk 1:30:48]} c5 {[%clk 1:29:28]} 6. c3 {[%clk
1:30:56]} Nc6 {[%clk 1:26:47]} 7. Bd3 {[%clk 1:31:05]} b6 {[%clk 1:25:18]} 8. O-O
{[%clk 1:30:05]} O-O {[%clk 1:24:06]} 9. Ne5 {[%clk 1:26:51]} Nxe5 {[%clk
1:19:47]} 10. dxe5 {[%clk 1:27:07]} Nd7 {[%clk 1:19:33]} 11. Bxe7 {[%clk
1:27:33]} Qxe7 {[%clk 1:19:36]} 12. f4 {[%clk 1:27:48]} f5 {[%clk 1:05:13]} 13.
exf6 {[%clk 1:16:30]} Nxf6 {[%clk 1:00:36]} 14. Nf3 {[%clk 1:12:44]} Nd7 {[%clk
0:48:53]} 15. Ng5 {[%clk 0:58:42]} g6 {[%clk 0:39:55]} 16. h4 {[%clk 0:46:38]}
Nf6 {[%clk 0:34:08]} 17. Qe1 {[%clk 0:32:24]} e5 {[%clk 0:27:28]} 18. e4 {[%clk
0:25:34]} exf4 {[%clk 0:21:19]} 19. exd5 {[%clk 0:24:00]} Qe3+ {[%clk 0:16:56]}
20. Qxe3 {[%clk 0:23:58]} fxe3 {[%clk 0:17:15]} 21. Bc4 {[%clk 0:18:17]} Bd7
{[%clk 0:14:24]} 22. Ne6 {[%clk 0:14:13]} Bxe6 {[%clk 0:14:03]} 23. dxe6 {[%clk
0:14:39]} Kg7 {[%clk 0:13:36]} 24. Rad1 {[%clk 0:11:12]} Rae8 {[%clk 0:12:00]}
25. Rd6 {[%clk 0:10:30]} Re7 {[%clk 0:11:51]} 26. Rfd1 {[%clk 0:09:49]} Ne4
{[%clk 0:08:42]} 27. Rd7 {[%clk 0:08:43]} Re8 {[%clk 0:08:30]} 28. Rxe7+ {[%clk
0:08:08]} Rxe7 {[%clk 0:08:52]} 29. Re1 {[%clk 0:07:19]} Nd6 {[%clk 0:07:24]} 30.
Bd5 {[%clk 0:07:10]} Nf5 {[%clk 0:07:24]} 31. g4 {[%clk 0:06:28]} Nh6 {[%clk
0:06:37]} 32. Rxe3 {[%clk 0:04:38]} Nxg4 {[%clk 0:06:54]} 33. Rf3 {[%clk
0:04:04]} Nf6 {[%clk 0:04:47]} 34. c4 {[%clk 0:03:18]} Ne8 {[%clk 0:04:14]} 35.
a4 {[%clk 0:03:06]} Nc7 {[%clk 0:04:17]} 36. a5 {[%clk 0:02:24]} Nxe6 {[%clk
0:03:43]} 37. axb6 {[%clk 0:02:14]} axb6 {[%clk 0:03:39]} 38. Rb3 {[%clk
0:02:26]} Nd4 {[%clk 0:03:45]} 39. Rxb6 {[%clk 0:02:35]} Re1+ {[%clk 0:02:59]}
40. Kf2 {[%clk 0:32:26]} Re2+ {[%clk 0:32:30]} 41. Kg3 {[%clk 0:29:49]} Nf5+
{[%clk 0:28:35]} 42. Kf3 {[%clk 0:20:45]} Nd4+ {[%clk 0:24:09]} 43. Kg4 {[%clk
0:19:41]} Re7 {[%clk 0:20:26]} 44. h5 {[%clk 0:13:09]} gxh5+ {[%clk 0:18:52]} 45.
Kxh5 {[%clk 0:13:09]} Rc7 {[%clk 0:18:52]} 46. Rb8 {[%clk 0:13:09]} 1/2-1/2

[Event "46th Greek Team Championship"]
[Site "chess24.com"]
[Date "2018.07.10"]
[Round "1"]
[White "Kalofonos, Panayotis"]
[Black "Kadianis, Georgios"]
[Result "1-0"]
[Board "8"]
[WhiteElo "1896"]
[WhiteCountry "GRE"]
[WhiteFideId "4233824"]
[WhiteEloChange "13"]
[BlackElo "2002"]
[BlackCountry "GRE"]
[BlackFideId "4264681"]
[BlackEloChange "-13"]

1. e4 {[%clk 1:30:57]} e5 {[%clk 1:30:55]} 2. Nf3 {[%clk 1:31:23]} Nc6 {[%clk
1:31:20]} 3. Nc3 {[%clk 1:31:48]} Nf6 {[%clk 1:31:45]} 4. Bb5 {[%clk 1:32:14]}
Bd6 {[%clk 1:30:08]} 5. a3 {[%clk 1:32:01]} O-O {[%clk 1:30:06]} 6. d3 {[%clk
1:32:27]} Nd4 {[%clk 1:27:54]} 7. Bc4 {[%clk 1:29:48]} c6 {[%clk 1:25:33]} 8. Be3
{[%clk 1:24:28]} Ne6 {[%clk 1:14:44]} 9. d4 {[%clk 1:14:19]} Ng4 {[%clk 1:07:07]}
10. Nxe5 {[%clk 0:54:41]} Nxe3 {[%clk 1:04:58]} 11. fxe3 {[%clk 0:55:06]} Bxe5
{[%clk 1:03:57]} 12. dxe5 {[%clk 0:55:29]} Qh4+ {[%clk 1:02:10]} 13. g3 {[%clk
0:55:47]} Qg5 {[%clk 1:01:36]} 14. Qe2 {[%clk 0:49:01]} Qxe5 {[%clk 1:01:40]} 15.
Rf1 {[%clk 0:45:53]} b5 {[%clk 0:59:02]} 16. Rf5 {[%clk 0:34:57]} Qc7 {[%clk
0:58:14]} 17. Bxe6 {[%clk 0:34:29]} dxe6 {[%clk 0:58:17]} 18. Rc5 {[%clk
0:33:48]} a5 {[%clk 0:56:08]} 19. Qxb5 {[%clk 0:30:00]} Qa7 {[%clk 0:25:11]} 20.
Qxc6 {[%clk 0:18:49]} Rb8 {[%clk 0:16:20]} 21. O-O-O {[%clk 0:16:16]} Bb7 {[%clk
0:14:41]} 22. Qb5 {[%clk 0:06:37]} Bxe4 {[%clk 0:12:02]} 23. Qxa5 {[%clk
0:07:01]} Qb7 {[%clk 0:12:25]} 24. Rb5 {[%clk 0:07:07]} Qa8 {[%clk 0:10:33]} 25.
Nxe4 {[%clk 0:07:30]} Rxb5 {[%clk 0:10:19]} 26. Nf6+ {[%clk 0:05:22]} gxf6 {[%clk
0:10:21]} 27. Qxb5 {[%clk 0:05:51]} Qg2 {[%clk 0:09:03]} 28. Qf1 {[%clk 0:01:34]}
Qxh2 {[%clk 0:06:14]} 29. Rd2 {[%clk 0:00:36]} Qh6 {[%clk 0:06:13]} 30. Qf4
{[%clk 0:00:34]} Qg6 {[%clk 0:05:32]} 31. e4 {[%clk 0:00:39]} e5 {[%clk 0:05:21]}
32. Qf3 {[%clk 0:00:47]} Kg7 {[%clk 0:05:12]} 33. c4 {[%clk 0:00:41]} Rc8 {[%clk
0:04:26]} 34. b3 {[%clk 0:00:59]} Qg5 {[%clk 0:04:11]} 35. Qf5 {[%clk 0:00:54]}
Qxf5 {[%clk 0:01:56]} 36. exf5 {[%clk 0:01:20]} Kh6 {[%clk 0:02:06]} 37. a4
{[%clk 0:00:36]} Kg5 {[%clk 0:02:25]} 38. a5 {[%clk 0:00:40]} Kxf5 {[%clk
0:02:43]} 39. a6 {[%clk 0:00:56]} e4 {[%clk 0:02:57]} 40. a7 {[%clk 0:30:56]} e3
{[%clk 0:32:22]} 41. Ra2 {[%clk 0:30:09]} Ra8 {[%clk 0:32:28]} 42. b4 {[%clk
0:29:30]} Ke4 {[%clk 0:32:44]} 43. b5 {[%clk 0:29:37]} Kd3 {[%clk 0:32:17]} 44.
b6 {[%clk 0:28:56]} e2 {[%clk 0:32:18]} 45. Ra3+ {[%clk 0:28:58]} Kxc4 {[%clk
0:31:29]} 46. Kd2 {[%clk 0:29:25]} Re8 {[%clk 0:31:26]} 47. Ke1 {[%clk 0:29:49]}
1-0

[Event "46th Greek Team Championship"]
[Site "chess24.com"]
[Date "2018.07.10"]
[Round "1"]
[White "Goutoufas, Christos"]
[Black "Kazakos, Nikolaos"]
[Result "0-1"]
[Board "10"]
[WhiteElo "1434"]
[WhiteCountry "GRE"]
[WhiteFideId "25824090"]
[WhiteEloChange "-12"]
[BlackElo "1375"]
[BlackCountry "GRE"]
[BlackFideId "25833146"]
[BlackEloChange "12"]

1. d4 {[%clk 1:30:56]} d5 {[%clk 1:30:57]} 2. c4 {[%clk 1:31:20]} e6 {[%clk
1:31:25]} 3. Nf3 {[%clk 1:31:37]} Nf6 {[%clk 1:31:37]} 4. Bf4 {[%clk 1:31:45]} c6
{[%clk 1:31:35]} 5. e3 {[%clk 1:32:07]} Bd6 {[%clk 1:31:28]} 6. Ne5 {[%clk
1:31:11]} Ne4 {[%clk 1:26:14]} 7. Bd3 {[%clk 1:27:55]} Bb4+ {[%clk 1:25:22]} 8.
Kf1 {[%clk 1:27:01]} O-O {[%clk 1:12:15]} 9. Bxe4 {[%clk 1:24:43]} dxe4 {[%clk
1:12:27]} 10. f3 {[%clk 1:11:51]} f6 {[%clk 1:12:13]} 11. Ng4 {[%clk 1:11:01]} h5
{[%clk 1:12:21]} 12. Nf2 {[%clk 1:11:20]} exf3 {[%clk 1:09:20]} 13. gxf3 {[%clk
1:11:20]} g5 {[%clk 1:05:42]} 14. Bxb8 {[%clk 1:04:40]} Rxb8 {[%clk 1:06:06]} 15.
h4 {[%clk 1:00:57]} Qe8 {[%clk 1:05:05]} 16. Rg1 {[%clk 0:57:18]} Be7 {[%clk
1:00:09]} 17. Ne4 {[%clk 0:55:46]} Qg6 {[%clk 0:58:46]} 18. Nbc3 {[%clk 0:47:47]}
Qf5 {[%clk 0:55:34]} 19. Ng3 {[%clk 0:40:36]} Qh3+ {[%clk 0:52:03]} 20. Kf2
{[%clk 0:36:52]} Qh2+ {[%clk 0:49:31]} 21. Rg2 {[%clk 0:36:56]} Qxh4 {[%clk
0:50:01]} 22. Qg1 {[%clk 0:36:43]} g4 {[%clk 0:48:16]} 23. Rh2 {[%clk 0:30:51]}
Qg5 {[%clk 0:48:43]} 24. Rxh5 {[%clk 0:30:56]} Qg6 {[%clk 0:48:03]} 25. fxg4
{[%clk 0:29:53]} Qxg4 {[%clk 0:45:11]} 26. Nge4 {[%clk 0:26:45]} f5 {[%clk
0:42:06]} 27. Qxg4+ {[%clk 0:20:19]} fxg4+ {[%clk 0:42:32]} 28. Ke2 {[%clk
0:20:12]} Rf5 {[%clk 0:40:25]} 29. Rah1 {[%clk 0:17:09]} Rxh5 {[%clk 0:40:12]}
30. Rxh5 {[%clk 0:17:30]} Bd7 {[%clk 0:39:53]} 31. Nd1 {[%clk 0:15:09]} e5 {[%clk
0:30:11]} 32. Rxe5 {[%clk 0:13:22]} Kf7 {[%clk 0:29:46]} 33. Kf2 {[%clk 0:10:54]}
Rh8 {[%clk 0:28:11]} 34. Kg3 {[%clk 0:06:11]} Rh3+ {[%clk 0:28:15]} 35. Kg2
{[%clk 0:06:10]} Kf8 {[%clk 0:26:12]} 36. c5 {[%clk 0:05:16]} Bd8 {[%clk
0:19:44]} 37. Ng5 {[%clk 0:03:57]} Rh6 {[%clk 0:19:11]} 38. Ne4 {[%clk 0:00:49]}
Bc7 {[%clk 0:18:41]} 39. Nd6 {[%clk 0:00:50]} Bxd6 {[%clk 0:18:47]} 40. cxd6
{[%clk 0:31:13]} Rxd6 {[%clk 0:49:13]} 41. Kg3 {[%clk 0:31:06]} Rf6 {[%clk
0:48:18]} 42. Re4 {[%clk 0:30:32]} Rf3+ {[%clk 0:47:37]} 43. Kg2 {[%clk 0:30:45]}
Kf7 {[%clk 0:45:45]} 44. Nf2 {[%clk 0:28:57]} Bf5 {[%clk 0:45:49]} 45. Rf4 {[%clk
0:25:49]} Rxf4 {[%clk 0:45:51]} 46. exf4 {[%clk 0:26:11]} Ke6 {[%clk 0:42:56]}
47. Nd1 {[%clk 0:23:14]} Kd5 {[%clk 0:37:44]} 48. Ne3+ {[%clk 0:23:25]} Ke4
{[%clk 0:38:11]} 49. Nxf5 {[%clk 0:23:35]} Kxf5 {[%clk 0:38:41]} 50. Kg3 {[%clk
0:23:49]} b6 {[%clk 0:38:52]} 51. b3 {[%clk 0:21:06]} c5 {[%clk 0:32:34]} 52. d5
{[%clk 0:20:30]} b5 {[%clk 0:32:46]} 53. d6 {[%clk 0:20:42]} Ke6 {[%clk 0:33:07]}
54. Kxg4 {[%clk 0:20:52]} c4 {[%clk 0:32:37]} 55. Kf3 {[%clk 0:19:37]} c3 {[%clk
0:32:56]} 56. Ke2 {[%clk 0:20:00]} b4 {[%clk 0:33:17]} 57. Kd3 {[%clk 0:18:15]}
Kxd6 {[%clk 0:33:29]} 58. a3 {[%clk 0:18:34]} a5 {[%clk 0:33:54]} 0-1

[Event "46th Greek Team Championship"]
[Site "chess24.com"]
[Date "2018.07.10"]
[Round "1"]
[White "Loupos, Vasilios"]
[Black "Galanakis, Nikolaos"]
[Result "1/2-1/2"]
[Board "4"]
[WhiteElo "1927"]
[WhiteCountry "GRE"]
[WhiteFideId "4204417"]
[WhiteEloChange "-8"]
[BlackElo "1579"]
[BlackCountry "GRE"]
[BlackFideId "25800744"]
[BlackEloChange "8"]

1. d4 {[%clk 1:30:54]} Nf6 {[%clk 1:30:57]} 2. Bf4 {[%clk 1:31:04]} g6 {[%clk
1:31:18]} 3. Nc3 {[%clk 1:30:04]} Bg7 {[%clk 1:31:10]} 4. e3 {[%clk 1:29:29]} d6
{[%clk 1:31:22]} 5. Be2 {[%clk 1:28:47]} Nbd7 {[%clk 1:30:04]} 6. h4 {[%clk
1:27:52]} h5 {[%clk 1:28:12]} 7. Nh3 {[%clk 1:26:39]} O-O {[%clk 1:14:59]} 8. Qd2
{[%clk 1:19:32]} e5 {[%clk 1:05:14]} 9. Bg5 {[%clk 1:11:03]} c6 {[%clk 1:01:12]}
10. O-O-O {[%clk 0:46:50]} Qc7 {[%clk 1:00:33]} 11. dxe5 {[%clk 0:38:41]} dxe5
{[%clk 1:00:28]} 12. f3 {[%clk 0:35:33]} Nb6 {[%clk 0:55:24]} 13. e4 {[%clk
0:28:20]} Be6 {[%clk 0:54:31]} 14. Qd6 {[%clk 0:27:26]} Qxd6 {[%clk 0:51:00]} 15.
Rxd6 {[%clk 0:27:44]} Rfd8 {[%clk 0:51:12]} 16. Rhd1 {[%clk 0:25:49]} Rxd6 {[%clk
0:50:15]} 17. Rxd6 {[%clk 0:25:57]} Kf8 {[%clk 0:49:34]} 18. Be3 {[%clk 0:23:27]}
Ne8 {[%clk 0:42:12]} 19. Rd1 {[%clk 0:20:48]} Bxh3 {[%clk 0:41:23]} 20. gxh3
{[%clk 0:20:56]} Nf6 {[%clk 0:39:54]} 21. a4 {[%clk 0:19:11]} Ke8 {[%clk
0:37:24]} 22. a5 {[%clk 0:15:25]} Nbd7 {[%clk 0:37:30]} 23. a6 {[%clk 0:13:49]}
b6 {[%clk 0:37:54]} 24. Rd6 {[%clk 0:13:30]} Rc8 {[%clk 0:38:20]} 25. Bg5 {[%clk
0:13:31]} Ke7 {[%clk 0:36:45]} 26. Rd1 {[%clk 0:13:18]} Nc5 {[%clk 0:35:40]} 27.
f4 {[%clk 0:12:03]} Ke8 {[%clk 0:29:18]} 28. fxe5 {[%clk 0:08:43]} Nfxe4 {[%clk
0:29:21]} 29. Nxe4 {[%clk 0:08:39]} Nxe4 {[%clk 0:28:56]} 30. Bf4 {[%clk
0:06:43]} Nc5 {[%clk 0:26:06]} 31. b4 {[%clk 0:06:19]} Nd7 {[%clk 0:24:07]} 32.
Re1 {[%clk 0:05:49]} Kf8 {[%clk 0:21:31]} 33. Bf3 {[%clk 0:05:36]} Kg8 {[%clk
0:19:26]} 34. e6 {[%clk 0:05:39]} fxe6 {[%clk 0:19:36]} 35. Rxe6 {[%clk 0:05:58]}
Rf8 {[%clk 0:18:42]} 36. Bxc6 {[%clk 0:05:54]} Rxf4 {[%clk 0:19:08]} 37. Bxd7
{[%clk 0:06:10]} Rxb4 {[%clk 0:18:05]} 38. c3 {[%clk 0:03:42]} Bxc3 {[%clk
0:16:42]} 39. Rxg6+ {[%clk 0:04:03]} Kf7 {[%clk 0:16:54]} 40. Rc6 {[%clk
0:34:06]} Be5 {[%clk 0:46:22]} 41. Rc8 {[%clk 0:28:05]} Ke7 {[%clk 0:37:56]} 42.
Bf5 {[%clk 0:23:24]} b5 {[%clk 0:26:25]} 43. Ra8 {[%clk 0:10:57]} Bd4 {[%clk
0:24:19]} 44. Kc2 {[%clk 0:10:07]} Bb6 {[%clk 0:22:46]} 45. Rh8 {[%clk 0:07:04]}
Rxh4 {[%clk 0:12:16]} 46. Bg4 {[%clk 0:06:54]} Kd6 {[%clk 0:07:34]} 47. Rxh5
{[%clk 0:06:08]} Rxh5 {[%clk 0:07:59]} 48. Bxh5 {[%clk 0:06:31]} Kc5 {[%clk
0:08:26]} 49. Kb3 {[%clk 0:06:38]} b4 {[%clk 0:08:48]} 50. Be2 {[%clk 0:06:56]}
Bd8 {[%clk 0:08:55]} 51. Bd3 {[%clk 0:07:14]} 1/2-1/2

[Event "46th Greek Team Championship"]
[Site "chess24.com"]
[Date "2018.07.10"]
[Round "1"]
[White "Kontopanagos, Ioannis"]
[Black "Klampatseas, Christos"]
[Result "1/2-1/2"]
[Board "8"]
[WhiteElo "1440"]
[WhiteCountry "GRE"]
[WhiteFideId "4282213"]
[BlackElo "1440"]
[BlackCountry "GRE"]
[BlackFideId "4250966"]

1. d4 {[%clk 1:30:58]} Nf6 {[%clk 1:30:54]} 2. c4 {[%clk 1:31:24]} e6 {[%clk
1:31:20]} 3. Nc3 {[%clk 1:31:51]} Bb4 {[%clk 1:31:42]} 4. e3 {[%clk 1:32:16]} O-O
{[%clk 1:31:49]} 5. Ne2 {[%clk 1:32:22]} d5 {[%clk 1:31:22]} 6. a3 {[%clk
1:32:27]} Be7 {[%clk 1:31:02]} 7. Ng3 {[%clk 1:29:55]} c6 {[%clk 1:28:53]} 8. Be2
{[%clk 1:28:44]} a5 {[%clk 1:26:29]} 9. O-O {[%clk 1:25:15]} Na6 {[%clk 1:24:19]}
10. c5 {[%clk 1:13:33]} b6 {[%clk 1:11:55]} 11. cxb6 {[%clk 1:12:30]} Qxb6 {[%clk
1:10:58]} 12. Na4 {[%clk 1:12:29]} Qc7 {[%clk 0:57:30]} 13. Qc2 {[%clk 1:10:34]}
Bd7 {[%clk 0:42:28]} 14. Bd2 {[%clk 1:06:29]} c5 {[%clk 0:32:17]} 15. Bxa6 {[%clk
1:03:46]} Bxa4 {[%clk 0:32:34]} 16. Qxa4 {[%clk 1:04:10]} Rxa6 {[%clk 0:32:47]}
17. dxc5 {[%clk 1:02:40]} Qxc5 {[%clk 0:27:29]} 18. Rfc1 {[%clk 0:46:36]} Qb6
{[%clk 0:25:44]} 19. Bc3 {[%clk 0:45:27]} h6 {[%clk 0:12:19]} 20. Bd4 {[%clk
0:39:26]} Qb7 {[%clk 0:10:51]} 21. Rc2 {[%clk 0:36:31]} Rc8 {[%clk 0:07:31]} 22.
Rac1 {[%clk 0:35:23]} Rxc2 {[%clk 0:07:17]} 23. Rxc2 {[%clk 0:33:50]} Kh7 {[%clk
0:02:14]} 24. Be5 {[%clk 0:29:10]} Bd6 {[%clk 0:01:25]} 25. Bxd6 {[%clk 0:24:05]}
Rxd6 {[%clk 0:01:43]} 26. Qxa5 {[%clk 0:22:19]} Rb6 {[%clk 0:01:35]} 27. Qc3
{[%clk 0:22:21]} Rb3 {[%clk 0:01:08]} 28. Qd2 {[%clk 0:22:00]} Nd7 {[%clk
0:00:48]} 29. f4 {[%clk 0:10:04]} Nb6 {[%clk 0:00:46]} 30. Rc3 {[%clk 0:09:48]}
Rxc3 {[%clk 0:00:35]} 31. Qxc3 {[%clk 0:09:53]} Nc4 {[%clk 0:00:43]} 32. b4
{[%clk 0:04:16]} Qa7 {[%clk 0:00:44]} 33. Kf2 {[%clk 0:03:12]} Qxa3 {[%clk
0:01:02]} 34. Qxa3 {[%clk 0:03:09]} Nxa3 {[%clk 0:01:27]} 35. Ne2 {[%clk
0:03:21]} Kg6 {[%clk 0:01:26]} 36. Nd4 {[%clk 0:03:34]} Kf6 {[%clk 0:01:10]} 37.
g4 {[%clk 0:02:58]} Ke7 {[%clk 0:01:05]} 38. h4 {[%clk 0:02:49]} f6 {[%clk
0:00:55]} 39. Kf3 {[%clk 0:02:30]} Kd7 {[%clk 0:00:36]} 40. e4 {[%clk 0:31:30]}
Kd6 {[%clk 0:30:33]} 41. g5 {[%clk 0:28:32]} hxg5 {[%clk 0:25:36]} 42. hxg5
{[%clk 0:26:51]} fxg5 {[%clk 0:21:47]} 43. fxg5 {[%clk 0:27:16]} g6 {[%clk
0:19:16]} 44. exd5 {[%clk 0:25:46]} Kxd5 {[%clk 0:17:24]} 45. Ne2 {[%clk
0:25:47]} e5 {[%clk 0:16:39]} 46. Nc3+ {[%clk 0:25:44]} Kd4 {[%clk 0:10:50]} 47.
Ne2+ {[%clk 0:24:39]} Kd3 {[%clk 0:08:54]} 1/2-1/2